| 000 | 00563nam a22002057a 4500 | ||
|---|---|---|---|
| 003 | OSt | ||
| 005 | 20140310182829.0 | ||
| 008 | 130531t xxu||||| |||| 00| 0 eng d | ||
| 020 | _a9711035235 | ||
| 050 |
_aPL 1125 _b.Sw971 1948 |
||
| 082 |
_aFIL 495.183421 _bSw1 1948 |
||
| 245 |
_aConversational Chinese for beginners _cSwadesh, Morris |
||
| 260 |
_aNew York : _bDover Publications, _cc1948 |
||
| 300 |
_axvi, 158 p. : _bill. ; _c21cm. |
||
| 521 | _acollege students | ||
| 526 | _c1210L-1700L | ||
| 541 | _j1 | ||
| 562 | _e1 | ||
| 942 |
_2lcc _cBK _kM |
||
| 999 |
_c16581 _d16581 |
||